000 00600nam a2200217Ia 4500
003 OSt
005 20220918105426.0
006 a|||||r|||| 00| 0
007 ta
008 220915b |||||||| |||| 00| 0 hin d
024 _a93,261
037 _cReference Collections
040 _aARTS
_cARTS
_bhin
041 _2hin
_ahin
082 _aP445311:4k, 152M7(RR)
245 0 _aसंताली - हिन्दी कोश
246 _aSantālī - hindī kosha
260 _c1987
942 _hP445311:4k, 152M7(RR)
_cREF
999 _c107067
_d107067